|
|
|
|
| LEADER |
00000nab a2200000 a 4500 |
| 001 |
vtls009945221 |
| 003 |
SK-MaSNL |
| 005 |
20260304151135.0 |
| 008 |
250506c2009 xo fr|p|||||||000 b|slo |
| 015 |
|
|
|a SNBRB2009/08
|2 snkbucl
|
| 035 |
|
|
|a (uuid)4191c398-6d02-46bf-92c0-f50439017581
|
| 035 |
|
|
|a urn:nbn:sk:snk-abacly
|
| 035 |
|
|
|a (urnnbn)urn:nbn:sk:snk:ar-a0adwy
|
| 038 |
|
|
|a SNKBUCL
|
| 040 |
|
|
|a SNKBUCL
|b slo
|c SNKBUCL
|e AACR2
|
| 041 |
0 |
|
|a cze
|b eng
|b cze
|
| 044 |
|
|
|a xo
|c SK
|
| 080 |
|
|
|a 334.73:65.011.4
|x (437.3)
|2 2001
|
| 100 |
1 |
|
|a Suchánek, Petr
|4 aut
|9 780986
|
| 245 |
1 |
0 |
|a Analýza výkonnosti družstev v ČR
|c Petr Suchánek
|
| 246 |
3 |
1 |
|a The analysis of efficiency of cooperatives in the Czech Republic
|
| 300 |
|
|
|b Graf, tab.
|
| 504 |
|
|
|a Bibliogr. odkazy
|
| 546 |
|
|
|a Súbežný názov angl. ; res. angl., čes.
|
| 650 |
0 |
7 |
|a družstvá
|2 snkbucl
|9 2107
|
| 650 |
0 |
7 |
|a výkonnosť
|2 snkbucl
|9 317137
|
| 651 |
|
7 |
|a Česko
|2 snkbucl
|9 16753
|
| 773 |
0 |
|
|t Ekonomika a manažment podniku = Economics and Business Management
|g Roč. 6, č. 2 (2008), s. 5-19
|x 1336-4103
|
| 850 |
|
|
|a Slovenská národná knižnica
|
| 852 |
|
|
|a Slovenská národná knižnica
|
| 954 |
|
|
|a odborná, vedecká literatúra cudzojazyčná (svetová)
|2 lita
|
| 958 |
|
|
|a article14
|
| 958 |
|
|
|a OND
|
| 958 |
|
|
|a NB
|
| 958 |
|
|
|a CZ
|
| 958 |
|
|
|a EUIPO
|
| 999 |
|
|
|c 2941765
|d 2943695
|